| 000 | 01191 a2200241 4500 | ||
|---|---|---|---|
| 003 | NUST | ||
| 005 | 20230530124712.0 | ||
| 010 | _a 98020109 | ||
| 020 | _a007016911X | ||
| 020 | _a0078481643 (disk) | ||
| 040 | _cNust | ||
| 082 | 0 | 0 | _a005.133,TAN |
| 100 | 1 |
_aTan, H. H. _9112875 |
|
| 245 | 1 | 0 |
_aC programming for engineering and computer science / _cH.H. Tan, T.B. D'Orazio. |
| 246 | 1 | 8 | _aC programming for engineering & computer science |
| 260 |
_aNew York : _bWCR/McGraw-Hill, _cc1999. |
||
| 300 |
_axx, 748 p. : _bill. (some col.) ; _c24 cm. + _e1 computer disk (3 1/2 in.) |
||
| 440 | 0 |
_aMcGraw-Hill's BEST--basic engineering series and tools _919437 |
|
| 505 | _aComputers and Computing Fundamentals (Page-1), Getting Started Program Structures Printing and Comments (Page-37), The Basics of C Variables, Arithmetic Operations (Page-72), Beginning Decision Making and Looping (Page-169), Functions (Page-265), Numeric Arrays (Page-348), String And Pointers (Page-445), Data Structures and Large Program Design (Page-587), Introduction to C++ (Page-729). | ||
| 650 | 0 |
_aC (Computer program language) _91226 |
|
| 700 | 1 |
_aD'Orazio, T. B. _9112876 |
|
| 942 |
_2ddc _cBK _k005.133,TAN |
||
| 999 |
_c188883 _d188883 |
||